Feminismo para América Latina. Un movimiento internacional por los derechos humanos.

Shranjeno v:
Bibliografske podrobnosti
Glavni avtor: Marino, Katherine M. (autor)
Drugi avtorji: Torres, Helen (traducción), Romo, Elena (traducción), Esparza, Karla (traducción)
Format: Knjiga
Izdano: Ciudad de México, México: Grano de Sal; CIDE, 2021.
Izdaja:Segunda edición
Teme:
Oznake: Označite
Brez oznak, prvi označite!

MARC

LEADER 00000nam a22000007a 4500
003 CL-VaPUC
005 20230907100222.0
008 230825t2021 ||||| |||| 00| 0 eng d
999 |c 441725  |d 441723 
020 |a 978-607-99099-9-4 (Grano de Sal) 
020 |a 978-607-8791-20-0 (CIDE) 
040 |c Pontificia Universidad Católica de Valparaíso 
082 |a 305.4 MAR 2021 
100 1 |a Marino, Katherine M.  |e autor  |9 884393 
245 |a Feminismo para América Latina.  |b Un movimiento internacional por los derechos humanos. 
250 |a Segunda edición 
260 |a Ciudad de México, México:  |b Grano de Sal;  |b CIDE,  |c 2021. 
300 |a 420 páginas. 
500 |a c.1 Donación María Fernanda Lanfranco G. HIS/023. 2023. 
583 |c 20230825  |k Catalogador Asistente 
650 0 |a Feminismo  |9 259085  |x Historia  |y Siglo XX  |z América Latina 
650 0 |a Feminismo  |9 259085  |x Aspectos Sociales  |z América Latina 
650 0 |a Derechos humanos  |9 223025  |x Mujer  |z América Latina 
650 0 |a Mujer  |9 255613  |x Actividad política  |z América Latina 
650 0 |a Estudios de género  |9 549258  |z América Latina 
700 |a Torres, Helen  |e traducción  |9 884394 
700 |a Romo, Elena  |e traducción  |9 884395 
700 |a Esparza, Karla  |e traducción  |9 884396 
942 |2 ddc  |c BK 
952 |0 0  |1 0  |2 ddc  |4 0  |6 305_400000000000000_MAR_2021  |7 0  |8 A  |9 591373  |a BIBHIS  |b BIBHIS  |c GEN  |d 2023-08-25  |e Donación  |i 5658501  |l 3  |m 1  |o 305.4 MAR 2021  |p 5658501  |r 2025-03-17  |s 2025-03-07  |t 1  |w 2023-08-25  |y BK  |k HIS